000 00831nam a2200205 a 4500
003 0
005 20250529083054.0
008 021121s19uu xx 00 eng d
050 _aPGS QL 82.P6
_b.M266 2000
100 _aManahan, Luis Joseph Jr.
245 _aPerception of Southville International School grade 6 students on endangered species of the Philippines /
_cLuis Joseph Manahan Jr.
260 _aLas PiƱas City, Philippines :
_bSouthville International School and Colleges,
_c2000.
300 _a22 pages :
_billustrations ;
_c28 cm.
504 _aIncludes bibliographical references.
650 _aEndangered species
_zPhilippines.
650 _aWildlife conservation
_zPhilippines.
650 _aBiodiversity conservation
_zPhilippines.
650 _aEnvironmental education
_zPhilippines.
942 _2lcc
_cPASS
999 _c96350
_d96350